DC Extended Universe: Members of the Justice League by Picture - Statistics

General Stats
  • This quiz has been taken 112 times
  • The average score is 6 of 6
Answer Stats
Picture Answer % Correct
Batman/Bruce Wayne
99%
Wonder Woman/Diana of Themyscira
99%
Superman/Kal-El/Clark Kent
98%
Aquaman/Arthur Curry
97%
Flash/Barry Allen
97%
Cyborg/Victor Stone
92%
No matching quizzes found
Score Distribution
Percent of People with Each Score
Percentile by Number Answered
Your Score History
You have not taken this quiz